sport selon la photo - Statistiques

Statistiques générales
  • Ce quiz a été pris 494 fois
  • Le résultat moyen est 24 sur 30
Statistiques - réponses
Par images Réponse % Correct
football
100%
basketball
99%
golf
99%
natation
99%
tennis
99%
boxe
97%
judo
95%
petanque
95%
handball
93%
badminton
92%
surf
92%
tennis de table
92%
volley
90%
baseball
87%
football americain
87%
gymnastique
87%
cyclisme
86%
formule 1
85%
water polo
85%
karate
75%
athletisme
71%
javelot
67%
aviron
66%
mma
62%
moto gp
60%
poids
58%
biathlon
55%
bmx
55%
bobsleigh
53%
marteau
45%
Aucun quiz correspondant
Distribution des résultats
% des personnes avec chaque résultat
Percentile par nombre de réponses
Votre historique - résultats
Vous n’avez pas pris ce quiz